Statistics for Words That End In "Punk"

Click here to take the quiz!

General Stats

  • This quiz has been taken 11 times
  • The average score is 3 of 8

Answer Stats

HintAnswer% Correct
A Kind Of Quizzing Website. ____tpunk. Users Called: Quizmaster , scambigol , Jerry928 , Quizzer6794 , Gamer1162Jetpunk
100%
Courage and determination.Spunk
63%
A genre of science fiction that has a historical setting and typically features steam-powered machinery rather than advanced technology.Steampunk
63%
A genre of science fiction set in a lawless subculture of an oppressive society dominated by computer technology.Cyberpunk
50%
A musical style combining country-and-western with punk rock; by extension, a performer of this, the culture associated with it.Cowpunk
38%
Denoting a style of rock music inspired by punk but less aggressive in performance and musically more experimental.Post - Punk
13%
A person who uses encryption when accessing a computer network in order to ensure privacy, especially from government authorities.Cypherpunk
0%
A literary genre characterized by the explicit description of horrific, violent, or pornographic scenes.Splatterpunk
0%

Score Distribution

Percentile by Number Answered

Percent of People with Each Score

Your Score History

You have not taken this quiz